000 00270nam a2200109Ia 4500
008 220204s9999 xx 000 0 und d
082 _a657.45
_bMIL
100 _aMiller, Elwood L
245 0 _aInflation accounting
260 _aNew York
_bVan Nostrand
_c1980
942 _cBK
999 _c35563
_d35563